Making of new India : (Record no. 166330)
[ view plain ]
| 000 -LEADER | |
|---|---|
| fixed length control field | 00744nam a22002177a 4500 |
| 005 - DATE AND TIME OF LATEST TRANSACTION | |
| control field | 20190719170738.0 |
| 010 ## - LCCN (DPL NO) | |
| LC control number | ENG-126018 |
| 020 ## - INTERNATIONAL STANDARD BOOK NUMBER | |
| International Standard Book Number | 9788183295315 |
| Terms of availability | 995.00 |
| 035 ## - SYSTEM CONTROL NUMBER | |
| System control number | EN-109550 |
| 037 ## - SOURCE OF ACQUISITION | |
| Source of stock number/acquisition | DBAD/PUB |
| 082 ## - DEWEY DECIMAL CLASSIFICATION NUMBER | |
| Classification number | 338.954 |
| 245 ## - TITLE STATEMENT | |
| Title | Making of new India : |
| Statement of responsibility, etc | ed.by Bibek Debroy, Anirban Ganguly [and] Kishore Desai |
| Remainder of title | transformation under Modi government / |
| 260 ## - PUBLICATION, DISTRIBUTION, ETC. (IMPRINT) | |
| Place of publication, distribution, etc | New Delhi |
| Name of publisher, distributor, etc | Wisdom Tree |
| Date of publication, distribution, etc | 2019 |
| 270 ## - ADDRESS | |
| Address | 4779/23, Ansari Road |
| City | Darya Ganj, New Delhi |
| Postal code | 110002 |
| Electronic mail address | wisdomtreebooks@gmail.com |
| Telephone number | 011-23247966/67/68 |
| 300 ## - PHYSICAL DESCRIPTION | |
| Extent | xix,587p. |
| Dimensions | 24cm(Hb) |
| 500 ## - GENERAL NOTE | |
| General note | Includes index |
| 700 ## - ADDED ENTRY--PERSONAL NAME | |
| Personal name | Debroy, Bibek |
| 700 ## - ADDED ENTRY--PERSONAL NAME | |
| Personal name | Ganguly, Anirban |
| 700 ## - ADDED ENTRY--PERSONAL NAME | |
| Personal name | Desai, Kishore |
| 942 ## - ADDED ENTRY ELEMENTS (KOHA) | |
| Source of classification or shelving scheme | Dewey Decimal Classification |
| Item type | English Books |
| Classification part | 338.954 |
| Call number suffix | MAK |
| Withdrawn status | Lost status | Not for loan | Collection code | Home library | Current library | Date acquired | Source of acquisition | Cost, normal purchase price | Full call number | Barcode | Copy number | Cost, replacement price | Koha item type |
|---|---|---|---|---|---|---|---|---|---|---|---|---|---|
| Non-fiction | Sarojini Nagar | Sarojini Nagar | 19/07/2019 | DBAD/PUB | 995.00 | 338.954 MAK | EN-109550 | 1 | 995.00 | English Books |
